Представление документа в формате RUSMARC

ПолеНазваниеЗначение
  Тип записи a
  Библиографический уровень a
001 Контрольный номер 73753471551c400189b9ad646ac9c625
005 Дата корректировки 20260410144617.0
100 Данные общей обработки __
a Данные общей обработки 20260410 ||| 0rusy0189 ca
101 Язык документа 0_
a Язык текста rus
102 Страна публикации __
a Страна публикации RU
200 Заглавие и сведения об ответственности 1_
a Заглавие Миф о «мужском» и «женском» мозге
f Первые сведения об ответственности Н. Петровская
461 Уровень набора _0
1 2000
a Будь здоров!
463 Уровень физической единицы _0
1 2000
a № 3
v С. 3-8 : фот.
1 2101
d 2026
1 001d8537e6f1b71483e9c9b4afe055373dc
606 Тематические рубрики 0_
a Основная рубрика Нейропсихология
610 Ключевые слова 0_
a Ключевые слова нейропсихология, головной мозг, мужской мозг, женский мозг, гормоны, гормональный фон, эмоциональный фон, эмпатия, депрессии, нейропластичность
686 Индексы других классификаций __
a Классификационный индекс 88.75
700 Автор _1
a Фамилия Петровская
b Имя (инициалы) Н.
g Полное личное имя Нина
801 Источник записи _0
a Страна RU
b Организация УОБДЮ
c Дата составления 20260410
g Правила каталогизации RCR
801 Источник записи _1
a Страна RU
b Организация УОБДЮ
c Дата составления 20260410
g Правила каталогизации RCR
901 Тип документа __
t Тип документа b
w Контрольный № источника d8537e6f1b71483e9c9b4afe055373dc
905 Данные по созданию БЗ __
b Логин пользователя, который создал БЗ ibo3